Представление документа в формате MARC21

ПолеНазваниеЗначение
  Тип записи a
  Библиографический уровень m
001 Контрольный номер RU\infra-m\znanium\bibl\2234244
005 Дата корректировки 20260429142238.5
008 Кодируемые данные 260120s2025 RU g rus u
020 Индекс ISBN __
a ISBN 978-5-9614-5547-2
040 Источник каталогиз. __
a Служба первич. каталог. Общество с ограниченной ответственностью «ЗНАНИУМ»
041 Код языка издания __
a Код языка текста rus
044 Код страны публикации __
a Код страны публикации RU
080 Индекс УДК __
a Индекс УДК 657
084 Индекс другой классификации/Индекс ББК __
2 Источник индекса rubbk
a Индекс другой классификации/Индекс ББК 65
084 Индекс другой классификации/Индекс ББК __
2 Источник индекса okso
a Индекс другой классификации/Индекс ББК 38.03.01
100 Автор __
a Автор Этрилл П.
q Полное имя Этрилл Питер
245 Заглавие __
a Заглавие Финансовый менеджмент и управленческий учет для руководителей и бизнесменов
b Продолж. заглавия Практическое пособие
250 Сведения об издании __
a Основные сведения об издании 4
260 Выходные данные __
a Место издания Москва
b Издательство ООО "Альпина Паблишер"
c Дата издания 2026
300 Физическое описание __
a Объем 648 с.
520 Аннотация __
a Аннотация Книга представляет собой введение в бухгалтерский учет и финансы. Основное внимание в ней уделено не техническим аспектам подготовки бухгалтерской отчетности а принципам и понятиям а также тому как применять анализ финансовой информации на практике при принятии решений. Общие положения дополнены обширным иллюстративным материалом — выдержками из отчетности компаний данными исследований и т. д. Это издание полностью приведено в соответствие с требованиями МСФО. Книга написана в стиле «открытого обучения» — в ней много заданий упражнений примеров и вопросов облегчающих усвоение материала. Она более «дружелюбна к пользователю» чем обычный учебник и с нею легко работать независимо от того изучаете вы ее самостоятельно или в учебном заведении. Книга ориентирована на предпринимателей менеджеров среднего и высшего звена не имеющих специального финансового и бухгалтерского образования.
521 Примеч. о цел. назн. __
a Примеч. о целев. назн. Дополнительное профессиональное образование
650 Тематические рубрики __
a Основная рубрика Управление (менеджмент)
x Основная подрубрика Финансовый менеджмент
655 Указ. предметных рубрик (устаревшее) __
a Жанр/ форма (устаревшее) Практическое пособие
700 Другие авторы __
a Другие авторы МакЛейни Э.
q Полное имя МакЛейни Эдди
856 Электронный адрес документа 4_
a Имя сервера/домена znanium.ru
m Помощь ebs_support@infra-m.ru
n Местонахождение сервера НИЦ ИНФРА-М
u URL https://znanium.ru/catalog/document?id=473067
856 Электронный адрес документа 48
a Имя сервера/домена znanium.ru
d Путь /cover/2234
f Электронное имя 2234244.jpg
q Тип электронного формата image/jpeg
u URL https://znanium.ru/cover/2234/2234244.jpg
911 __
u 0030=https://znanium.ru/catalog/document?id=473067